000 00367pab a2200145 454500
008 180718b2014 xxu||||| |||| 00| 0 eng d
100 _aSingh, Shri Prakash
245 _aTilak's concept of nationalism
260 _c2014
300 _ap.255-264.
362 _aApr-Jun
650 _aNationalism
773 _aIndian Journal of Political Science
909 _a110108
999 _c110103
_d110103